[Event "Tamil Nadu State-ch 54th"]
[Site "Chennai"]
[Date "2006.05.28"]
[Round "9"]
[White "Priyadharshan, Kannappan"]
[Black "Sudhakar, Babu N"]
[Result "0-1"]
[WhiteElo "2135"]
[BlackElo "2003"]
[PlyCount "132"]
[EventDate "2006.05.20"]
[EventType "swiss"]
[EventRounds "11"]
[EventCountry "IND"]
[SourceTitle "EXT 2010"]
[Source "ChessBase"]
[SourceDate "2010.11.25"]
[SourceVersion "1"]
[SourceVersionDate "2010.11.25"]
[SourceQuality "1"]

1. Nf3 d5 2. b4 c6 3. e3 Bf5 4. d4 e6 5. a3 Nf6 6. Be2 Nbd7 7. Nbd2 a5 8. bxa5 Qxa5 9. 0-0 b5 10. Bb2 Qc7 11. Bd3 Nb6 12. Ne5 Na4 13. Bc1 Bd6 14. f4 0-0 15. Nb3 Ra7 16. Bd2 Ne4 17. Bxe4 Bxe4 18. Nd3 c5 19. dxc5 Nxc5 20. Bb4 Nxb3 21. cxb3 Bxb4 22. Nxb4 Qc3 23. Qd4 Qxd4 24. exd4 Rfa8 25. Rfc1 h5 26. Rc5 Rxa3 27. Rxa3 Rxa3 28. Rxb5 Rxb3 29. Rb8+ Kh7 30. Nc6 Rc3 31. Nd8 Rc1+ 32. Kf2 Rc2+ 33. Ke3 Kg6 34. Rb7 Rxg2 35. Nxf7 Rxh2 36. Ng5 Bf5 37. Nf3 Rh1 38. Kf2 Rd1 39. Ke2 Ra1 40. Nh4+ Kf6 41. Nxf5 Kxf5 42. Rxg7 Kxf4 43. Rg6 h4 44. Rh6 Kg5 45. Rh8 Ra3 46. Kf2 Rd3 47. Rg8+ Kf6 48. Rf8+ Ke7 49. Rf4 h3 50. Kg1 Re3 51. Kh2 Re4 52. Rf1 Rxd4 53. Kxh3 Rd2 54. Kg3 Kd6 55. Kf3 e5 56. Rh1 e4+ 57. Ke3 Rd3+ 58. Ke2 Ra3 59. Rh8 Ke5 60. Rb8 Ra2+ 61. Kd1 d4 62. Rd8 d3 63. Rh8 e3 64. Re8+ Kf4 65. Rf8+ Kg5 66. Kc1 e2 0-1